Compromisos presidenciales para el área económica de Centroamérica: 1990-1996
Sparad:
| Materialtyp: | Text |
|---|---|
| Taggar: |
Lägg till en tagg
Inga taggar, Lägg till första taggen!
|
MARC
| LEADER | 00000 a a2200000 04500 | ||
|---|---|---|---|
| 001 | 14095 | ||
| 003 | |||
| 040 | |||
| 245 | |a Compromisos presidenciales para el área económica de Centroamérica: 1990-1996 | ||
| 773 | |g número 32 -33; páginas 233-264 | ||
| 999 | |c 29676 |d 29676 | ||
